000
00321nam a22001217a 4500
008
241130b |||||||| |||| 00| 0 eng d
041
_a
Eng
245
_a
EducationWorld: The Human Development Magazine
260
_a
Bangalore
_b
Educationworld
_c
2024
300
_a
174;. P.
856
_u
www.educationworld.in
942
_c
SR
999
_c
43153
_d
43153